000 00494nam a2200181Ia 4500
003 GCL
008 140319s9999 xx 000 0 ara d
040 _aGCL /
_cGCL
082 0 4 _a814.008
_bا هـ
100 1 _aانيس منصور
245 1 0 _aهموم هذا الزمان /
_cانيس منصور
300 _a490 ص
490 _a
650 0 4 _aالادب العربى
650 0 4 _aالاحوال الاجتماعية
650 0 4 _aالمقالات العربية
942 _2ddc
_cBK
999 _c39549
_d39549